Państwa Afryki w 90 sekund - Statystyki

Ogólne statystyki
  • Ten quiz został rozwiązany 69 razy
  • Średni wynik to 37 z 54
Odpowiedzi na mapie
Odpowiedzi zakodowano w zielono-czerwonej skali na mapie do tego quizu, zgodnie z poniższymi procentami.
 
Statystyki odpowiedzi
Kraj % Poprawnych
Algieria
96%
Egipt
91%
Libia
87%
Mali
87%
Maroko
87%
Niger
87%
Nigeria
87%
Czad
83%
Sudan
83%
Tunezja
83%
Angola
78%
Gwinea
78%
Madagaskar
78%
Republika Południowej Afryki
78%
Uganda
78%
Demokratyczna Republika Konga
74%
Etiopia
74%
Kenia
74%
Mozambik
74%
Republika Środkowoafrykańska
74%
Senegal
74%
Wybrzeże Kości Słoniowej
74%
Botswana
70%
Ghana
70%
Lesotho
70%
Mauretania
70%
Somalia
70%
Sudan Południowy
70%
Tanzania
70%
Togo
70%
Zambia
70%
Eswatini
65%
Gambia
65%
Liberia
65%
Erytrea
61%
Gwinea Bissau
61%
Kamerun
61%
Namibia
61%
Rwanda
61%
Benin
57%
Gabon
57%
Kongo
57%
Seszele
57%
Zimbabwe
57%
Komory
52%
Malawi
52%
Mauritius
52%
Burkina Faso
48%
Gwinea Równikowa
48%
Republika Zielonego Przylądka
48%
Sierra Leone
48%
Dżibuti
43%
Wyspy Świętego Tomasza i Książeca
39%
Burundi
35%
Nie znaleziono quizów pasujących do podanych kryteriów
Rozkład punktacji
Procent ludzi z każdym wynikiem
Percentyl według liczby udzielonych odpowiedzi
Twoja historia wyników
Nie rozwiązałeś tego quizu